000 00860aam a2200325 4500
005 20251114165816.0
008 150310b2007 xxu||||| |||| 00| 0 spa d
020 _a9788478978250
041 _aESP
082 _a515.35 A329m
100 _aAlberca Bjerregaard, Pablo
_918369
100 _aMartin Barquero, Dolores
_918370
245 _aMétodos matemáticos: ecuaciones diferenciales
260 _aEspaña
260 _bGrupo Editorial RA-MA
260 _c2007
300 _a296 páginas
490 _aBig Data
490 _aGestión de Calidad
490 _aElectrónica
490 _aTecnologías de la Información
650 _aECUACIONES DIFERENCIALES
650 _aSISTEMAS DE ECUACIONES DIFERENCIALES
650 _aTRANSFORMADA DE LAPLACE
942 _cBK
_2ddc
999 _c2122
_d2122